Normal view
MARC view
- محجوب،بسمان فيصل/عبدالعزيز مصطفى/طاهر التميمي ؛ راجعه خليل محمد حسن الشماع
Entry Personal Name
001 - CONTROL NUMBER
- control field: 19896
003 - CONTROL NUMBER IDENTIFIER
- control field: JO-AjAnu
005 - DATE AND TIME OF LATEST TRANSACTION
- control field: 20230606073453.0
008 - FIXED-LENGTH DATA ELEMENTS
- fixed length control field: 230606|| aca||aabn | a|a d
040 ## - CATALOGING SOURCE
- Original cataloging agency: JO-AjAnu
- Transcribing agency: JO-AjAnu
100 ## - HEADING--PERSONAL NAME
- Personal name: محجوب،بسمان فيصل/عبدالعزيز مصطفى/طاهر التميمي ؛ راجعه خليل محمد حسن الشماع
670 ## - SOURCE DATA FOUND
- Source citation: Work cat.: (JO-AjAnu)10215: محجوب،بسمان فيصل/عبدالعزيز مصطفى/طاهر التميمي ؛ راجعه خليل محمد حسن الشماع, author, ادارة المنشآت الصناعية